00443nam a2200157Ia 4500008004100000020001800041082001600059100002200075245005000097250000700147260003700154300003300191500001900224600002700243650001500270240925s9999 xx 000 0 und d a9788120313613 a629.892 YOS aYoshikawa, Tsuneo 0aFoundations of Robotics: analysis and control aNA aNew Delhi:bPHI Learningc,1990. axxviii,589p.bN.AfPhotocopy aIncludes Index aElectronic Engineering aTechnology